Der Historische Verein Wolhynien e.V.
| Titel: | Der Historische Verein Wolhynien e.V. |
|---|---|
| Verfasser: | |
| In: |
Erfahrung und Zeugnis der Deutschen aus Polen, (1987), Seite 81 alle Artikel anzeigen |
| Veröffentlicht: | 1987 |
| Format: | Aufsatz |
| Sprache: | Deutsch |
X
alg: 39163636
001A $01999:11-11-16
001B $01999:15-05-21 $t21:01:07.000
001D $01999:11-11-16
001U $0utf8
001X $00
002@ $0Aox
003@ $0391636367
007A $0391636367 $aHEB
007T $0Herd78584
010@ $ager
011@ $a1987
021A $aDer @Historische Verein Wolhynien e.V.
028A $aSchmidt $dHugo Karl
031A $h81 $j1987
039B $aIn $8--Aauc--. Erfahrung und Zeugnis der Deutschen aus Polen. - Berlin {[u.a.] : Westkreuz-Verl., 1987. - 171 S.. - zahlr. Ill.. - ISBN 3-922131-54-9 $x198700000000000919 $9007404484
045F $a306.09438 $eDDC23BSB
045F/01 $a306.09
045F/03 $g438
lok: 39163636 78
exp: 39163636 78 1 #EPN
201B/01 $017-04-18 $t01:12:38.000
201U/01 $0utf8
203@/01 $078773084X
208@/01 $a11-11-16 $be
209A/01 $a/ $f000 $x00
220C/01 $aTitelaufnehmer: cs
244Z/01 $2Trx $#Poola $#Lenkija $#Polija $#Polen Land $#Poland $#Lengyelország $#Poľsko $#Polsko $8--Trx--Polska$gkraj $x01 $9391345966
244Z/01 $#Wolhynien $#Volynʹ $#Wołyń $74079380-1 $8--Tg1--Wolynien $x02 $9085225665
244Z/01 $aGeschichte 1900-1986 $x03
244Z/01 $2Trx $#ajalooühingud $#istorikų draugijos $#Historical associations $#történelmi szervezetek $#towarzystwa historyczne $#spolky historické $#spolky historické $8--Trx--Geschichtsvereine $x04 $9391363190
244Z/01 $2Trx $8--Trx--Einzelbeiträge $x05 $9391384570
245Z/01 $a11.14 $x01
247C/01 $82080>Marburg/Lahn, Herder-Institut, Forschungsbibliothek, Bibliographieportal $9336309341
| LEADER | 00000caa a22000002c 4500 | ||
|---|---|---|---|
| 001 | 391636367 | ||
| 003 | DE-603 | ||
| 005 | 20210515210107.0 | ||
| 007 | tu | ||
| 008 | 161111s1987 xx |||| | u00||u|ger c | ||
| 035 | |a (DE-599)HEB391636367 | ||
| 040 | |a DE-603 |b ger |c DE-603 |d DE-603 | ||
| 041 | |a ger | ||
| 082 | 0 | 4 | |8 1\u |a 306.09438 |q DE-101 |2 23/BSB |
| 085 | |8 1\u |b 306.09 | ||
| 085 | |8 1\u |z 2 |s 438 | ||
| 100 | 1 | |a Schmidt, Hugo Karl | |
| 245 | 0 | 0 | |a Der Historische Verein Wolhynien e.V. |
| 264 | 0 | |c 1987 | |
| 773 | 0 | 8 | |i In |t Erfahrung und Zeugnis der Deutschen aus Polen |d Berlin [u.a.] : Westkreuz-Verl., 1987 |h 171 S., zahlr. Ill. |z 3922131549 |g (1987), Seite 81 |w (DE-603)007404484 |
| 924 | 0 | |9 2080 |a (DE-603)78773084X |b DE-2080 |c HES |d d |g / | |


